| 000 | 00650nam a2200193 i 4500 | ||
|---|---|---|---|
| 001 | 7137 | ||
| 003 | ES-MaACL | ||
| 005 | 20230906145153.0 | ||
| 007 | t| | ||
| 008 | 900822s1987 sp ||||1| spa d | ||
| 080 | _a061.3(464.1)"1987":33(100) | ||
| 080 | _a33(100):061.3(464.1)"1987" | ||
| 245 | 0 | 0 |
_aSeminario sobre perspectivas de la economia internacional _b: [Madrid, 22 de junio de 1987]. |
| 260 |
_aMadrid : _bCamara de Comercio e Industria, _c1987. |
||
| 300 |
_a105 p. ; _c30 cm. |
||
| 650 | 1 | 4 |
_aEconomía internacional. _912028 |
| 710 | 2 |
_aCámara Oficial de Comercio e Industria de Madrid. _92363 |
|
| 852 |
_aES-MaACL _jL-14224 _bR.115285 |
||
| 999 |
_c7137 _d7137 |
||